| 000 | 01102cam a2200313 i 4500 | ||
|---|---|---|---|
| 001 | 39655 | ||
| 003 | Mx-PuUPA | ||
| 005 | 20260225193710.0 | ||
| 008 | 140415s2018 mx gr 000 0 spa d | ||
| 020 | _a9786071735218 | ||
| 040 |
_aMx-PuUPA _bspa _cMx-PuUPA _dMx-PuUPA _erda |
||
| 041 | 0 | _aspa | |
| 100 | 1 |
_aLuna Argudín, María, _917856 _eautor |
|
| 245 | 1 | 0 |
_aEducación y competencias : _bantecedentes, nociones y perspectivas / _cMaría Luna Argudín, Yolanda Argudín |
| 250 |
_aPrimera edición / _bseptiembre |
||
| 264 | 1 |
_aCiudad de México : _bEditorial Trillas, _c©2018 |
|
| 300 |
_a176 páginas : _bdiagramas ; _c24 cm |
||
| 336 |
_2rdacontent _atexto _btxt |
||
| 337 |
_2rdamedia _asin medio _bn |
||
| 338 |
_2rdacarrier _avolumen _bnc |
||
| 650 | 7 |
_2armarc _aEducación _xPlanificación |
|
| 650 | 7 |
_2armarc _aEducación basada en competencias |
|
| 650 | 7 |
_2armarc _aInnovaciones educativas |
|
| 650 | 7 |
_2armarc _aEducación _xCurrículo |
|
| 700 | 1 |
_aArgudín, Yolanda, _eautor |
|
| 942 |
_2ddc _cLI _h371.227 _iL56 |
||
| 999 |
_c39655 _d39655 |
||